Afghanistan: Deja vu or a new beginning (Record no. 514896)

000 -LEADER
fixed length control field 01494nam a22001457a 4500
008 - FIXED-LENGTH DATA ELEMENTS--GENERAL INFORMATION
fixed length control field 210102b ||||| |||| 00| 0 eng d
100 ## - MAIN ENTRY--PERSONAL NAME
Personal name Sinha, Amar.
245 ## - TITLE STATEMENT
Title Afghanistan: Deja vu or a new beginning
260 ## - PUBLICATION, DISTRIBUTION, ETC. (IMPRINT)
Place of publication, distribution, etc U.S.I Journal
300 ## - PHYSICAL DESCRIPTION
Extent 150(620), Apr-Jun, 2020: p.127-134
520 ## - SUMMARY, ETC.
Summary, etc The long-negotiated agreement to bring peace to Afghanistan appears to be floundering. While the political standoff between the two leading contenders to Presidency has since defused, and a modus vivendi based on power sharing arrived at, commencement of the much awaited intra- Afghan negotiations are delayed. A successful outcome of Afghan reconciliation will bring to naught decades of support to Taliban from some quarters, which successfully chipped away the international resolve to oppose all terrorist activities in, and emanating from, Afghanistan. But this does not suit some parties. This creates a delicate situation that can easily slip out of control due to continuing gruesome violence even when claimed by other extremist groups operating under new flags and symbols. India has been steadfast in its support to the government of the Islamic Republic of Afghanistan. Despite the adverse security situation, India has continued with its developmental projects. India’s future policy needs to be based on certain realities which the article brings out. - Reproduced
773 ## - HOST ITEM ENTRY
Main entry heading U.S.I. Journal
906 ## - LOCAL DATA ELEMENT F, LDF (RLIN)
Subject DIP AFGHANISTAN - FOREIGN RELATIONS - INDIA
942 ## - ADDED ENTRY ELEMENTS (KOHA)
Item type Articles
Holdings
Withdrawn status Lost status Source of classification or shelving scheme Damaged status Not for loan Permanent location Current location Date acquired Serial Enumeration / chronology Barcode Date last seen Koha item type
          Indian Institute of Public Administration Indian Institute of Public Administration 2021-01-02 150(620), Apr-Jun, 2020: p.127-134 AR123767 2021-01-02 Articles

Powered by Koha